00914nam a22001577a 4500999001900000008004100019100002600060245004700086260001300133300003100146520042800177773001300605906002500618942000700643952010600650 c524533d524533231218b ||||| |||| 00| 0 eng d aChindy, Sujan 946173 aIndia’s growing stature: A rising power  aYojana  a67(12), Dec, 2023: p.11-22 aThere has been tremendous change in India’s trajectory over the last nine eyars. India has now entered the period of Kartavya Kaal, which will provide a golden opportunity for India to achieve unprecedented levels of scientific, technological, economic and social progre3ss. Today, India has emerged as a Vishwa Mitra (global friend), a Vishwa Guru ( global techer0 and a Vsihawa Vaid ( Global physician). – Reproduced  aYojana  aECONOMIC DEVELOPMENT cAR 00102ddc40709399588aIIPAbIIPAd2023-12-18h67(12), Dec, 2023: p.11-22pAR130359r2023-12-18yAR